History of modern Europe: From 1815 to the present (Record no. 33001)
[ view plain ]
| 000 -LEADER | |
|---|---|
| fixed length control field | 00481nam a2200169Ia 4500 |
| 008 - FIXED-LENGTH DATA ELEMENTS--GENERAL INFORMATION | |
| fixed length control field | 230917s9999||||xx |||||||||||||| ||und|| |
| 020 ## - ISBN | |
| Price | USD46.95 |
| 040 ## - CATALOGING SOURCE | |
| -- | 258070 |
| Original cataloging agency | VIVEKANANDA LIBRARY |
| 041 ## - Language | |
| -- | English |
| 082 ## - DDC NUMBER | |
| Classification number | 940.28 L641H |
| 100 ## - MAIN ENTRY--PERSONAL NAME | |
| Personal name | Lindemann, Albert S |
| 245 #0 - TITLE STATEMENT | |
| Title | History of modern Europe: From 1815 to the present |
| 260 ## - PUBLICATION, DISTRIBUTION, ETC. (IMPRINT) | |
| Place of publication, distribution, etc | Chichester |
| Name of publisher, distributor, etc | John Wiley |
| Date of publication, distribution, etc | 2013 |
| 300 ## - PHYSICAL DESCRIPTION | |
| Pages | xxiii, 437 p. |
| 500 ## - GENERAL NOTE | |
| General note | 3644 27/09/2019 APD19/1102313 27/09/2017 Main Budget |
| 942 ## - ADDED ENTRY ELEMENTS (KOHA) | |
| Koha item type | Books |
| Withdrawn status | Lost status | Damaged status | Not for loan | Location (home branch) | Sublocation or collection (holding branch) | Date acquired | Koha issues (times borrowed) | Koha full call number | Accession No. | Koha date last seen | Koha item type |
|---|---|---|---|---|---|---|---|---|---|---|---|
| VIVEKANANDA LIBRARY | VIVEKANANDA LIBRARY | 04/11/2019 | 3 | 940.28 L641H | 384968 | 24/03/2026 | Books |
